Analysis of min-pulse algebra / (رقم التسجيلة. 32138)

تفاصيل مارك
000 -الفاتح
حقل البيانات ثابتة الطول 00971cam a2200289 a 4500
001 - رقم الضبط
رقم الضبط 16919559
003 - محدد رقم الضبط
رقم الضبط OSt
005 - وقت وتاريخ اخر تعامل مع التسجيلة
رقم الضبط 20150408114152.0
008 - عناصر البيانات ثابتة الطول - معلومات عامة
حقل البيانات ثابتة الطول 110815s2012 nyua b 001 0 eng
010 ## - رقم ضبط مكتبة الكونجرس
رقم ضبط مكتبة الكونجرس 2011029316
020 ## - الرقم الدولى المعيارى للكتب
الرقم الدولى المعيارى للكتاب 9781621002871 (softcover)
040 ## - مصدر الفهرسة
وكالة الفهرسة الأصلية DLC
وكالة النسخ DLC
وكالة التعديل DLC
042 ## - رمز التحقق
رمز التحقق pcc
050 00 - رقم طلب مكتبة الكونجرس
رقم التصنيف QA274.8
رقم المادة .A53 2012
082 00 - رقم تصنيف ديوى العشرى
رقم التصنيف 519.8/2
رقم الطبعة 23
رقم المادة ANM
245 00 - بيان العنوان
العنوان Analysis of min-pulse algebra /
بيان المسئوليه,etc editors, Ming Li, Wei Zhao.
260 ## - PUBLICATION, DISTRIBUTION, ETC. (IMPRINT)
مكان الناشر او الموزع New York :
اسم الناشر او الموزع Nova Science Publishers,
تاريخ النشر أو التوزيع c2012.
300 ## - الوصف المادى
التعداد xiii, 66 p. :
تفاصيل ماديه اخرى للوعاء ill. ;
أبعاد الوعاء 22 cm.
504 ## - تبصرة ببليوجرافية
تبصرة ببليوجرافية,الخ Includes bibliographical references (p. [55]-64) and index.
650 #0 - المدخل الاضافى بالموضوع-مصطلح موضوعى
مصطلح موضوعي أو اسم جغرافي كعنصر مدخل Queuing theory.
9 (RLIN) 39954
650 #0 - المدخل الاضافى بالموضوع-مصطلح موضوعى
مصطلح موضوعي أو اسم جغرافي كعنصر مدخل Computer networks.
700 1# - المدخل الاضافى - اسم شخصى
الإسم الشخصى Li, Ming,
التواريخ المصاحبة للاسم 1955 July 16-
9 (RLIN) 39955
700 1# - المدخل الاضافى - اسم شخصى
الإسم الشخصى Zhao, Wei,
التواريخ المصاحبة للاسم 1953-
9 (RLIN) 39956
906 ## - عنصر بيانات محلى F, LDF (RLIN)
a 7
b cbc
c orignew
d 1
e ecip
f 20
g y-gencatlg
942 ## - عناصر المدخل الإضافي( كوها)
مصدر التصنيف او مخطط الترفيف Dewey Decimal Classification
Koha [default] item type DVD
المقتنيات
حالة الفقد نموذج السعر الفعال حالة تلف ليس للاعارة رقم الطلب تاريخ الاكتساب الموقع الحالي الفرع الرئيسي Date last seen نوع المادة فى نظام كوها مصدر التصنيف او خطة الترفيف Total Checkouts
  2013-11-16     519.8/2 ANM 2013-11-16 المكتبة المركزية بالمجمعة (CL) المكتبة المركزية بالمجمعة (CL) 2013-11-16 كتاب Dewey Decimal Classification